| 000 | 00476nam a2200133 a 4500 | ||
|---|---|---|---|
| 001 | 000039495 | ||
| 005 | 20201002031659.0 | ||
| 008 | 130703s2007 dr 000 0 spa d | ||
| 040 |
_aDO-SdBNP _bspa _cBNPHU |
||
| 110 | 1 |
_aDirección General de Aduanas _bSecretaría de Estado de Hacienda _965681 |
|
| 245 | 1 | 0 | _aReglamentos y estructura orgánica de la dirección general de aduanas. |
| 260 |
_aSanto Domingo : _bDirección General de Aduanas, _c2007. |
||
| 300 |
_a142 p. ; _c23 cm. |
||
| 999 |
_c38985 _d38985 |
||